U.S. States With The Most Billionaires - Statistics

General Stats
  • This quiz has been taken 56 times
  • The average score is 7 of 10
Answer Stats
Amount Of Billionaires Answer % Correct
186 California
95%
135 New York
95%
78 Florida
86%
73 Texas
81%
13 Washington
77%
23 Illinois
63%
22 Massachusetts
60%
17 Nevada
44%
18 Georgia
42%
13 Connecticut
40%
No matching quizzes found
Score Distribution
Percent of People with Each Score
Percentile by Number Answered
Your Score History
You have not taken this quiz